| 000 | 00771nam a2200253Ia 4500 | ||
|---|---|---|---|
| 003 | OSt | ||
| 005 | 20220925174244.0 | ||
| 006 | a|||||r|||| 00| 0 | ||
| 007 | ta | ||
| 008 | 220923b |||||||| |||| 00| 0 eng d | ||
| 037 | _cGeneral Book | ||
| 040 |
_aRTL _cRTL _beng |
||
| 041 |
_2eng _aeng |
||
| 082 | _aX:9588:(Z2.N48), L6 | ||
| 100 | _aDutta B | ||
| 245 | 0 | _aCommentary in the employees state insurance act | |
| 260 |
_aCalcutta _bInternational Law Book India _c1976 |
||
| 300 |
_axi, 289p. _ccm. |
||
| 490 | _aInternational Law Book centre publication series. 46 | ||
| 650 | _aLabour Economics - Social Insurance | ||
| 700 | _a Ghosh A | ||
| 942 |
_hX:9588:(Z2.N48), L6 _cGB _2CC |
||
| 999 |
_c490402 _d490402 |
||